| 000 -CABECERA |
| Longitud fija campo de control |
00773nam a2200205 a 4500 |
| 003 - IDENTIFICADOR DEL NÚMERO DE CONTROL |
| Identificador del número de control |
OSt |
| 005 - FECHA Y HORA DE LA ÚLTIMA TRANSACCIÓN |
| Fecha y hora de la última transacción |
20211221124526.0 |
| 008 - CÓDIGOS DE INFORMACIÓN DE LONGITUD FIJA |
| Códigos de información de longitud fija |
180109s2017 sp cd b 000 0dspa d |
| 020 ## - NÚMERO INTERNACIONAL NORMALIZADO PARA LIBROS |
| Número Internacional Normalizado para Libros (ISBN) |
9788416458813 |
| 040 ## - FUENTE DE LA CATALOGACIÓN |
| Centro catalogador de origen |
CDMR |
| Centro transcriptor |
0 |
| Lengua de catalogación |
cat |
| 100 ## - PUNTO DE ACCESO PRINCIPAL-NOMBRE DE PERSONA |
| Nombre de persona |
Santillán Buelna, José Ramón |
| 9 (RLIN) |
4692 |
| 245 10 - MENCIÓN DE TÍTULO |
| Título |
México, en la prensa catalana: |
| Resto del título |
análisis en La Vanguardia y El Periódico de Catalunya / |
| Mención de responsabilidad, etc. |
José Ramón Santillán Buelna |
| 260 ## - PUBLICACIÓN, DISTRIBUCIÓN, ETC. (PIE DE IMPRENTA) |
| Lugar de publicación, distribución, etc. |
La Laguna : |
| Nombre del editor, distribuidor, etc. |
Universidad, |
| Fecha de publicación, distribución, etc. |
2017 |
| 300 ## - DESCRIPCIÓN FÍSICA |
| Extensión |
96 pàgines ; |
| Dimensiones |
21 cm |
| 490 1# - MENCIÓN DE SERIE |
| Mención de serie |
Cuadernos Artesanos de Comunicación ; |
| Designación de volumen o secuencia |
124 |
| 650 00 - PUNTO DE ACCESO ADICIONAL DE MATERIA - TÉRMINO DE MATERIA |
| Término de materia o nombre geográfico como elemento inicial |
Premsa i política |
| Subdivisión geográfica |
Catalunya |
| 9 (RLIN) |
4089 |
| 650 00 - PUNTO DE ACCESO ADICIONAL DE MATERIA - TÉRMINO DE MATERIA |
| Término de materia o nombre geográfico como elemento inicial |
Publicitat |
| Subdivisión geográfica |
Mèxic |
| 9 (RLIN) |
4372 |
| Subdivisión de materia general |
Aspectes polítics |
| 856 ## - LOCALIZACIÓN Y ACCESO ELECTRÓNICO |
| Identificador Uniforme del Recurso (URI) |
<a href="http://www.cuadernosartesanos.org/2017/cac124.pdf">http://www.cuadernosartesanos.org/2017/cac124.pdf</a> |
| Nota pública |
Accés lliure |
| 942 ## - ENTRADA DE ELEMENTOS AGREGADOS (KOHA) |
| Fuente de clasificaión o esquema |
|
| Koha [por defecto] tipo de item |
Monografies |